Diarios de viaje
Enregistré dans:
| Auteur principal: | |
|---|---|
| Format: | Livre |
| Langue: | espagnol |
| Publié: |
Buenos Aires, Argentina:
Fondo de Cultura Económica,
2015.
|
| Édition: | 1a. edición. |
| Collection: | Tezontle
|
| Sujets: | |
| Tags: |
Ajouter un tag
Pas de tags, Soyez le premier à ajouter un tag!
|
MARC
| LEADER | 00000cam a2200000 a 4500 | ||
|---|---|---|---|
| 001 | UCD3227 | ||
| 003 | CL-VaPUC | ||
| 005 | 20240821120222.0 | ||
| 008 | 160526t20150000ag |||||||||||||||||spa|d | ||
| 020 | |a 9789877190892 | ||
| 040 | |c Pontificia Universidad Católica de Valparaíso | ||
| 082 | 0 | 7 | |a 895.61 BAS 2015 |2 22 |
| 100 | 0 | |a Basho, Matsuo |e autor |9 586593 | |
| 245 | 1 | 0 | |a Diarios de viaje |
| 250 | |a 1a. edición. | ||
| 260 | |a Buenos Aires, Argentina: |b Fondo de Cultura Económica, |c 2015. | ||
| 300 | |a 196 páginas. | ||
| 490 | 0 | |a Tezontle | |
| 583 | |a last modification |c 20160526 21:26:00 |k Rodrigo Vera | ||
| 650 | 0 | |a Literatura japonesa |9 266543 | |
| 650 | 0 | |a Diario de viaje |2 CL-VaPUC |9 505332 | |
| 650 | 0 | |a Poesías japonesas |2 CL-VaPUC |9 319966 | |
| 942 | |c BK |2 ddc | ||
| 945 | |d 20160526 21:26:00 |a arojas | ||
| 999 | |c 364264 |d 364262 | ||
| 952 | |0 0 |1 0 |3 erb |4 0 |6 895_610000000000000_BAS_2015 |7 0 |8 A |9 477245 |a BIBART |b BIBART |i 5288606 |l 7 |m 1 |o 895.61 BAS 2015 |p 5288606 |r 2025-03-13 |s 2023-09-27 |w 2019-11-24 |y BK |z Catalogado en:20160526 |k ART | ||